00819nam a22002294a 450000500170000000800410001701000140005802000260007203500130009803700150011104000180012608200100014410000160015424500810017026000400025127000520029130000220034350000410036594200240040699900170043095201420044720050328093435.0030821s2004 wiua 001 0deng  aENG-92408 a9788180435321c400.00 aEN-75941 bDBAD / PUB adplbEnglish  a880.8 aPaul, S.K.  aGrammar and language in Elizabethan and romantic literature /cby S.K. Paul  aVaranasi bManish Parakashan c2007 aPlot No. 26, Rohit Nagar, BHUbVaranasie221005 a224p. c23cm (Hb) aIncludes bibliographical references  2ddccENmPAUh880.8 c20780d20780 00102ddc40718NFICaDBADbDBADd2009-01-09eDBAB / PUBg400.00l0o880.8 PAUpEN-75941r2009-01-09 00:00:00t1v400.00w2009-01-09yEN